The living sea
Guardat en:
| Autors principals: | , |
|---|---|
| Format: | Llibre |
| Idioma: | anglès |
| Publicat: |
Nueva York
Harper and Row
1963
|
| Matèries: | |
| Etiquetes: |
Afegir etiqueta
Sense etiquetes, Sigues el primer a etiquetar aquest registre!
|
MARC
| LEADER | 00000nam a2200000 a 4500 | ||
|---|---|---|---|
| 001 | UCY3104 | ||
| 003 | CL-VaPUC | ||
| 008 | 941213e19630000US |||||||||||||||||eng|d | ||
| 082 | 0 | 4 | |a 551.46 |b COU |2 21 |
| 100 | 0 | |a Cousteau, Jacques-Yves |e author |9 331312 | |
| 700 | 0 | |a Dugan, James |e author |9 331313 | |
| 245 | 1 | 4 | |a The living sea |
| 300 | |a 325 p | ||
| 942 | |c BK | ||
| 945 | |d 19941213 00:00:00 |a mfernand | ||
| 260 | |a Nueva York |b Harper and Row |c 1963 | ||
| 650 | 7 | |a OCEANOGRAFIA INVESTIGACIONES |2 CL-VaPUC |9 262182 | |
| 650 | 7 | |a EXPLORACIONES SUBMARINAS |2 CL-VaPUC |9 261765 | |
| 650 | 0 | |a Fotografía submarina |9 262280 | |
| 650 | 0 | |a Biología marina |9 259965 | |
| 583 | |a last modification |c 19941213 00:00:00 |k Rodrigo Vera | ||
| 999 | |c 231334 |d 231332 | ||